000 00660nam a2200241Ia 4500
003 GCL
008 140319s9999 xx 000 0 ara d
040 _aGCL /
_cGCL
082 0 4 _a740
_bح ف
100 1 _aحسن على حمودة
245 1 0 _aفن الزخرفة /
_cحسن على حمودة
260 _a[S.N] :
_bمؤسسة روزاليوسف ،
_c1990
300 _a179 ص
490 _a
650 0 4 _aالزخرفة
650 0 4 _aالفن الزخرفى
650 0 4 _aالتصميم الزخرفى
650 0 4 _aالخزف
650 0 4 _aالفن القديم
650 0 4 _aالاثاث
650 0 4 _aحفر الخشب
942 _2ddc
_cBK
999 _c58489
_d58489